The Impact on India of Trade Liberalization in the Textiles and Clothing Sector /

We analyze the impact of the elimination of textile and clothing (T and C) quotas in 2005 on India. Our simulations suggest that while Indian exports of T and C will continue to expand in the presence of the safeguards on China, they will be affected adversely once these safeguards are lifted. We ar...

Szczegółowa specyfikacja

Opis bibliograficzny
1. autor: Jain-Chandra, Sonali
Kolejni autorzy: Prasad, Ananthakrishnan
Format: Czasopismo
Język:English
Wydane: Washington, D.C. : International Monetary Fund, 2005.
Seria:IMF Working Papers; Working Paper ; No. 2005/214
Dostęp online:Full text available on IMF
LEADER 01593cas a2200253 a 4500
001 AALejournalIMF008909
008 230101c9999 xx r poo 0 0eng d
020 |c 5.00 USD 
020 |z 9781451862331 
022 |a 1018-5941 
040 |a BD-DhAAL  |c BD-DhAAL 
100 1 |a Jain-Chandra, Sonali. 
245 1 4 |a The Impact on India of Trade Liberalization in the Textiles and Clothing Sector /  |c Sonali Jain-Chandra, Ananthakrishnan Prasad. 
264 1 |a Washington, D.C. :  |b International Monetary Fund,  |c 2005. 
300 |a 1 online resource (39 pages) 
490 1 |a IMF Working Papers 
500 |a <strong>Off-Campus Access:</strong> No User ID or Password Required 
500 |a <strong>On-Campus Access:</strong> No User ID or Password Required 
506 |a Electronic access restricted to authorized BRAC University faculty, staff and students 
520 3 |a We analyze the impact of the elimination of textile and clothing (T and C) quotas in 2005 on India. Our simulations suggest that while Indian exports of T and C will continue to expand in the presence of the safeguards on China, they will be affected adversely once these safeguards are lifted. We argue that India could emerge much stronger and expand its trade in T and C at a much faster pace, if some of the key domestic structural weaknesses are overcome. 
538 |a Mode of access: Internet 
700 1 |a Prasad, Ananthakrishnan. 
830 0 |a IMF Working Papers; Working Paper ;  |v No. 2005/214 
856 4 0 |z Full text available on IMF  |u http://elibrary.imf.org/view/journals/001/2005/214/001.2005.issue-214-en.xml  |z IMF e-Library